Geography Quiz

Random Geography or Blitz Quiz

Geography 'S' Blitz Quiz Stats

Quiz Updated Apr 21, 2018

Challenge
Share
Tweet
Embed
Score 0/20 Timer 02:00
2 Plays Today
Category Answer % Correct
European countrySwitzerland
92.6%
Asian countrySyria
89%
Olympic Host CitiesStockholm
88%
African countrySenegal
86.8%
DesertSahara
86.6%
US stateSouth Carolina
84.5%
Great lakeSuperior
79.4%
Asian capitalSeoul
73.6%
South American countrySuriname
73%
European capitalSofia
67.2%
Category Answer % Correct
OceanSouthern
66.8%
English countySuffolk
66.6%
Oceanian countrySamoa
65.9%
North American countrySt. Lucia
61.8%
US state capitalSacramento
59.8%
South American capitalSantiago
59.2%
North American capitalSan Salvador
50%
Canadian provinceSaskatchewan
48.2%
Oceanian capitalSuva
33.7%
African capitalSão Tomé
17.2%

You're not logged in!

Compare scores with friends on all Sporcle quizzes.
Join for Free
OR
Log In

You Might Also Like...

Show Comments

Extras

Top Quizzes Today


Score Distribution

Your Account Isn't Verified!

In order to create a playlist on Sporcle, you need to verify the email address you used during registration. Go to your Sporcle Settings to finish the process.

Report this User

Report this user for behavior that violates our Community Guidelines.

Details: